Golden hour- JVKE - Full lyrics - Statistics

General Stats
  • This quiz has been taken 406 times
  • The average score is 138 of 194
Answer Stats
word % Correct
I
98%
It
94%
love
91%
the
91%
in
90%
golden
89%
you
89%
hour
88%
to
88%
Just
87%
just
87%
your
85%
a
84%
It's
84%
it's
84%
my
84%
My
84%
two
84%
for
83%
lovers
83%
shine
82%
was
82%
no
80%
see
80%
of
79%
sittin'
78%
got
77%
life
77%
she
77%
Where
77%
where
77%
light
76%
skin
76%
Don't
75%
don't
75%
glitter
75%
need
75%
the car
75%
Listening
74%
night
74%
each
73%
fallin'
73%
other
73%
we
73%
with
71%
beam
70%
She's
69%
she's
69%
time
69%
Radiant
68%
radiant
68%
all
67%
alone
67%
down
66%
like
65%
slow
65%
on
63%
blonde
62%
oh
62%
mother
61%
call
59%
from
59%
feel
58%
tonight
58%
alibi
57%
Donald
57%
and
56%
Glover
56%
Missed
56%
her
53%
super
53%
childish
50%
feelin'
50%
orange
49%
skies
49%
pink
48%
drivin'
47%
are
46%
dash
46%
fast
46%
radio
45%
up
45%
can
44%
face
44%
feet
44%
glow
43%
nowhere
43%
angel
42%
did
42%
summer
42%
eyes
41%
power
41%
baddest
40%
even
40%
imagine
40%
look
40%
make
40%
last
39%
moment
39%
solar
39%
blast
38%
hours
38%
burnin'
37%
glorious
37%
minutes
37%
knew
35%
of light
17%
trough
4%
No matching quizzes found
Score Distribution
Percent of People with Each Score
Percentile by Number Answered
Your Score History
You have not taken this quiz